000 01683nam a2200301Ia 4500
999 _c40463
_d40463
001 7073
003 GE_BSU
005 20190422162824.0
008 181216s2009||||ge |||||||||||||| ||geo||
020 _a9789941906701
040 _cGE_BSU
080 _a016:821.353.1-13 ჩ-97
100 _aჩხეიძე, მამუკა
_9327
245 _a"ვეფხისტყაოსნის" გამოცემათა ბიბლიოგრაფია 1712-2008 /
264 _aთბილისი.
_bსეზანი,
_c2009.
300 _a80გვ. :
_bილ.
300 _bსაძიებელი:გვ.70-79.
490 _aპროექტი - ჩვენ და "ვეფხისტყაოსანი"/ პროექტის ხელმძღვანელი შავლეგ შავერდაშვილი ; იდეის ავტორი მანანა კარტოზია ;
_vწგ.5
520 _a
541 _h50ლ.
653 _aრუსთაველი და მისი ვეფხისთყაოსანი
653 _aვეფხისტყაოსნის გამოცემები - ბიბლიოგრაფია
700 _aღვინჯილია, ლევან
_eმთავარი რედაქტორი
_9310
700 _aთაქთაქიშვილი, ლევან
_9328
700 _aშავერდაშვილი, შავლეგ
_eპროექტის ხელმძღვანელი
_9329
700 _aკარტოზია, მანანა
_eიდეის ავტორი
_9330
942 _cBK
_2udc